000 01962 a2200277 4500
001 45526
005 20260407155727.0
008 260407a1994 arg spa d
003 AR-UNSa-BCEJYS
040 _aAR-UNSa-BCEJYS
_bspa
_cAR-UNSa-BCEJYS
080 _a342.4
_xConstituciones. Asambleas legislativas. Asambleas nacionales (Reforma...)
245 1 0 _aLa reforma de la constitución
_pexplicada por miembros de la comisión de redacción
020 _a950-727-063-9
264 1 _aSanta Fe :
_bRubinzal-Culzoni Editores
_c1994
300 _a477 p.
_c23 cm.
505 _a1. interpretación de la constitución / Héctor Masnatta – 2. Defensa del orden constitucional / Horacio Daniel Rosatti – 3. Derechos electorales / Horacio Daniel Rosatti – 4. Participación popular en las decisiones públicas. Iniciativa legislativa y consulta popular / Horacio Daniel Rosatti – 5. Preservación del medio ambiente. Desde el interés difuso hacia el derecho-deber constitucional / Horacio Daniel Rosatti – 6. Nuevos derechos de los consumidores y usuarios / Jorge Mosset Iturraspe – 7. El amparo, el habeas data y el habeas corpus en la reforma de la Constitución Nacional / Humberto Quiroga Lavié – 8. Declaraciones, tratados y convenciones internacionales / Rodolfo Carlos Barra – 9. Status constitucional de los pueblos indígenas Argentinos / Horacio Daniel Rosatti – 10. Nuevos órganos de control en la constitución : El defensor del pueblo y el ministerio público / Humberto Quiroga Lavié – 11. Las reformas del sistema institucional. El núcleo de coincidencias básicas / Alberto M. García Lema y Enrique Paixão.
942 _cBK
590 _aniveau_biblio:m niveau_hierar:0
100 1 _aMosset Iturraspe, Jorge
700 1 _aBarra, Rodolfo Carlos
700 1 _aRosatti, Horacio
700 1 _aGarcia Lema, Alberto M.
700 1 _aMasnatta, Héctor
700 1 _aPaixáo, Enrique
700 1 _aQuiroga Lavié, Humberto
999 _c3955
_d3955